| 000 | 01120naa a22003137a 4500 | ||
|---|---|---|---|
| 001 | BR7312221 | ||
| 003 | BR-BrBNA | ||
| 005 | 20240918173535.0 | ||
| 007 | ta | ||
| 008 | 230509b bl.||||| |||| 00| 0 por d | ||
| 040 |
_aBR-BrBNA _bpor _cBiblioteca Nacional de Agricultura |
||
| 041 | _a(Pt) | ||
| 072 |
_aH20 _b3240 _b3530 _b4120 |
||
| 090 | _aH20 BR7312221 | ||
| 100 | 1 | _aKruguer, T.L. | |
| 100 | 1 | _aKimati, H. | |
| 100 | 1 | _aTomazello Filho, M. | |
| 100 | 1 | _aCaneva, R.A. | |
| 111 | 1 |
_a6. Congresso da Sociedade Brasileira de Fitopatologia _cPelotas, RS (Brazil) _d19-23 Feb 1973 |
|
| 245 | 1 | _aNota sobre a ocorrencia de Phytophthora em mudas de Eucalipto [Eucalyptus saligna, fungo] | |
| 260 | 3 |
_aPelotas, RS (Brasil): _c1973. |
|
| 500 | _a6. Congresso da Sociedade Brasileira de Fitopatologia Pelotas, RS (Brasil): 1973. p. 54-59 (BR7312221-AM)H20 | ||
| 650 | _aEUCALIPTO | ||
| 650 | _aMUDA | ||
| 650 | _aFUNGO | ||
| 773 | 0 |
_t6. Congresso da Sociedade Brasileira de Fitopatologia _wH20 BR7312221 _gPelotas, RS (Brasil), 1973. p. 54-59 |
|
| 909 |
_a202404 _bLucia _c55 _dLucia Elande |
||
| 942 |
_cAM _2AGRIS |
||
| 999 |
_c305260 _d305260 |
||